Ecological systems analysis : an introduction to modelling and simulation

Bibliographic Details
Main Author: BOSSEL
Corporate Authors: Academia Sinica, German Foundation for International Development
Format: Book
Published: Kassel, F. R. Germany : University of Kassel , 1986
Subjects:

MARC

LEADER 00000cam a2200000 7i4500
001 0000002367
005 20030531.0
090 0 0 |a 577.82   |b BOS 1986 
100 1 0 |a BOSSEL   |h Hartmut 
245 1 0 |a Ecological systems analysis :   |b an introduction to modelling and simulation   |c Hartmut Bossel 
260 0 0 |a Kassel, F. R. Germany :   |b University of Kassel ,   |c 1986 
300 |a Various pagings :   |b ill. ;   |c 21 cm. 
500 0 0 |a Includes bibliographies 
650 0 0 |a Biotic communities 
710 1 1 |a Academia Sinica 
710 1 1 |a German Foundation for International Development 
998 |a JPSM 
999 |a 0000004128   |b Monograph   |c Open Shelf   |e Default branch